000 00620nam a2200241Ia 4500
003 OSt
005 20220918195327.0
006 a|||||r|||| 00| 0
007 ta
008 220917b |||||||| |||| 00| 0 eng d
024 _a84,595
037 _cTextual
040 _aARTS
_cARTS
_beng
041 _2eng
_aeng
082 _aSM9,8, L8
100 _aTurkle S
_990039
245 0 _aPsychoanalytic politics
_b Freud french revolution
260 _aLondon
_bBurnett
_c1978
300 _ax, 278p.
_ccm.
650 _aPSYCHOLOGY
942 _hSM9,8, L8
_cTEXL
_2CC
999 _c208309
_d208309